| 000 | 00543nam a2200121Ia 4500 | ||
|---|---|---|---|
| 008 | 171212s9999 xx 000 0 und d | ||
| 020 | _a9780833076861 | ||
| 100 | _aJohnson, Stuart E.;Blickstein, Irv;Gompert, David C.;Nemfakos, Charles;Thie, Harry J. | ||
| 245 |
_cJohnson, Stuart E.;Blickstein, Irv;Gompert, David C.;Nemfakos, Charles;Thie, Harry J. _aA Strategy-Based Framework for Accommodating Reductions in the Defense Budget |
||
| 260 |
_bRAND Corporation _c2012 |
||
| 650 | _aHistory | ||
| 856 | _uwww.jstor.org/stable/10.7249/j.ctt3fh23f | ||
| 999 |
_c351664 _d351664 |
||